• 首页
  • 本馆介绍
  • 公告通知
  • 最新文献
  • 馆藏检索
  • 电子资源
  • 读者导购
  • 参考咨询
  • 我的图书馆
  • 登录
  • 详细信息显示
  • 放入我的书架
  • 预约/预借图书
  • 作者相关作品
  • 分类相关作品
  • 丛书相关作品
  • 出版社相关作品

书目信息

  • 表格格式
  • 工作单格式
  • 卡片格式
题名:
象牙塔内的喧哗与骚动
    
 
作者: 张荣升 , 丁威 , 王春艳 著
分册:  
出版信息: 北京   中国社会科学出版社  2015
页数: 269页
开本: 24cm
丛书名:
单 册:
中图分类: I561.074 , I712.074
科图分类:
主题词: 小说研究--xiao shuo yan jiu--英国--现代 , 小说研究--xiao shuo yan jiu--美国--现代
电子资源:
ISBN: 978-7-5161-6897-4
000 01270nam0 22003131 450
001 0124140226
005 20170324140226.0
010    @a978-7-5161-6897-4@dCNY66.00
100    @a20151211d2015 em y0chiy50 ea
101 0  @achi
102    @aCN@b110000
105    @ay a 000yy
106    @ar
200 1  @a象牙塔内的喧哗与骚动@9xiang ya ta nei de xuan hua yu sao dong@e英美学院派小说研究@f张荣升, 丁威, 王春艳著
210    @a北京@c中国社会科学出版社@d2015
215    @a269页@d24cm
300    @a教育部人文社会科学研究青年基金项目资助
320    @a有书目 (第263-269页)
330    @a本书旨在对英美两国学院派小说的发展进行系统性梳理:上篇关注英国学院派小说的发展,重点分析沃、艾米斯、弗雷恩、布雷德伯里、洛奇、拜厄特和奈保尔等7位学院派代表作家;下篇关注美国学院派小说的发展,重点分析贝娄、欧茨、罗斯、纳博科夫等5位学院派代表作家。
517 1  @a英美学院派小说研究@9ying mei xue yuan pai xiao shuo yan jiu
606 0  @a小说研究@9xiao shuo yan jiu@y英国@z现代
606 0  @a小说研究@9xiao shuo yan jiu@y美国@z现代
690    @aI561.074@v5
690    @aI712.074@v5
701  0 @a张荣升@9zhang rong sheng@4著
701  0 @a丁威@9ding wei@4著
701  0 @a王春艳@9wang chun yan@4著
801  0 @aCN@bTANGWEI@c20161124
905    @b0962375-8@dI561.074@e687@f4
    
    象牙塔内的喧哗与骚动:英美学院派小说研究/张荣升, 丁威, 王春艳著.-北京:中国社会科学出版社,2015
    269页;24cm
    教育部人文社会科学研究青年基金项目资助
    
    ISBN 978-7-5161-6897-4:CNY66.00
    本书旨在对英美两国学院派小说的发展进行系统性梳理:上篇关注英国学院派小说的发展,重点分析沃、艾米斯、弗雷恩、布雷德伯里、洛奇、拜厄特和奈保尔等7位学院派代表作家;下篇关注美国学院派小说的发展,重点分析贝娄、欧茨、罗斯、纳博科夫等5位学院派代表作家。
●
相关链接 在E读中查询图书 在五车中查询图书 在当当中查询图书 在豆瓣中查询图书


正题名:象牙塔内的喧哗与骚动     索取号:I561.074/687         预约/预借

序号 登录号 条形码 馆藏地/架位号 状态 备注
1 0962375   209623754   第一样本阅览室/ [索取号:I561.074/687] 在馆    
2 0962376   209623763   第二借阅区/ [索取号:I561.074/687] 在馆    
3 0962377   209623772   第二借阅区/ [索取号:I561.074/687] 在馆    
4 0962378   209623781   第二借阅区/ [索取号:I561.074/687] 在馆    
唐山师范学院图书馆 欢迎您!
大连网信软件有限公司© 版权所有